000 00361nam a2200109Ia 4500
008 240129s9999 xx 000 0 und d
100 _aBHATNAGAR, PARAG
245 0 _aMODELS FOR HIERARCHICAL ANALYSIS AND THEIR APPLICATIONS TO PHYSICAL DESIGN
260 _bMEWAR UNIVERSITY, CHITTORGARH
_c2021
650 _aElectronic & Communication Engineering
942 _cTHE
999 _c218932
_d218932